Les animaux A-Z - Statistiques

Statistiques générales
  • Ce quiz a été pris 203 fois
  • Le résultat moyen est 22 sur 26
Statistiques - réponses
Par images Hint Réponse % Correct
A Autruche
99%
B Baleine
99%
E Éléphant
99%
C Cheval
98%
D Dauphin
98%
G Gorille
98%
J Jaguar
98%
K Koala
98%
L Lion
98%
M Mouton
98%
O Ours
98%
P Panda
98%
S Sanglier
97%
T Tortue
97%
V Vache
97%
H Hyène
96%
R Rhinocéros
96%
I Iguane
94%
F Fennec
86%
N Narval
80%
Y Yack
80%
Z Zébu
61%
W Wapiti
57%
Q Quetzal
29%
U Urubu
20%
X Xérus
17%
Aucun quiz correspondant
Distribution des résultats
% des personnes avec chaque résultat
Percentile par nombre de réponses
Votre historique - résultats
Vous n’avez pas pris ce quiz